Cambridge preparation for the TOEFL test
I tiakina i:
| Ngā kaituhi matua: | , |
|---|---|
| Hōputu: | Pukapuka |
| Reo: | Ingarihi |
| I whakaputaina: |
Cambridge
University of Cambridge
1996
|
| Putanga: | 2a. ed |
| Ngā marau: | |
| Ngā Tūtohu: |
Tāpirihia he Tūtohu
Kāore He Tūtohu, Me noho koe te mea tuatahi ki te tūtohu i tēnei pūkete!
|
MARC
| LEADER | 00000nam a2200000 a 4500 | ||
|---|---|---|---|
| 001 | UCO8956 | ||
| 003 | CL-VaPUC | ||
| 008 | 010112e19960000uk |||||||||||||||||eng|d | ||
| 082 | 0 | 4 | |a 428.0076 |b GEA |2 21 |
| 100 | |a Gear, Jolene |e author |9 615269 | ||
| 700 | 0 | |a Gear, Robert |e author |9 453962 | |
| 245 | 1 | 0 | |a Cambridge preparation for the TOEFL test |
| 250 | |a 2a. ed | ||
| 300 | |a 555 p | ||
| 942 | |c BK | ||
| 945 | |d 20010112 00:00:00 |a cmena | ||
| 260 | |a Cambridge |b University of Cambridge |c 1996 | ||
| 500 | |a En forma separada set de 4 cassettes complementarios | ||
| 650 | 0 | |a Enseñanza del inglés |9 367340 | |
| 650 | 0 | |a Educación lingüística |9 306506 | |
| 650 | 0 | |a Métodos de enseñanza |9 270413 | |
| 583 | |a last modification |c 20171220 06:00:15 |k Rodrigo Vera | ||
| 999 | |c 293371 |d 293369 | ||
| 952 | |0 0 |1 0 |4 0 |6 428_007600000000000_GEA_1996 |7 0 |8 A |9 344849 |a BIBEDU |b BIBEDU |d 2019-11-20 |i 3683869 |l 1 |o 428.0076 GEA 1996 |p 3683869 |r 2023-06-27 |s 2023-06-19 |w 2019-11-20 |y BK |k LIT | ||